| 000 | 00491nam a2200193 a 4500 | ||
|---|---|---|---|
| 001 | 0001-1519 | ||
| 003 | ELIB.Books | ||
| 008 | 170519 2010 eng | ||
| 092 |
_a658 _bDix |
||
| 100 | _aDixon, John | ||
| 245 |
_aHow To Speak _bHere, There, and On The Air |
||
| 260 |
_aNashville _bAbingdon Press |
||
| 300 |
_a249 _c21.6 cm |
||
| 650 | _aGeneral Management | ||
| 942 |
_2ddc _cBK |
||
| 990 | _a1 | ||
| 998 |
_aEnglishbooks.elf _ccat _e2017-05-19 |
||
| 999 |
_c11519 _d11519 |
||